000 00709nas a2200241 4500
001 BR9206617
003 BR-BrBNA
005 20231205092939.0
007 ta
008 230509b bl.|||p| |||| 00| 00por d
040 _aBR-BrBNA
_bpor
_cBiblioteca Nacional de Agricultura
041 _a(Pt)
072 _aF01
100 1 _aSimon, E.J.
100 1 _aPinheiro, F.A.
245 1 _aAnalise comparativa do comportamento da tomaticultura em regioes do Brasil, 1947/70
650 _aTOMATE
650 _aPRODUCAO VEGETAL
650 _aPRODUTIVIDADE
773 0 _tRevista de Olericultura (Brazil)
_x
_g(1975), (no. 15) p. 264
_wBR9206617
909 _a202311
_bLúcia
_c55
_dLúcia Elande
942 _2AGRIS
_n0
_cANA
999 _c135300
_d135300